Logique mathematique : texts
Αποθηκεύτηκε σε:
| Κύριος συγγραφέας: | |
|---|---|
| Μορφή: | Βιβλίο |
| Γλώσσα: | French |
| Δημοσίευση: |
Paris :
Armand Colin,
c1972
|
| Σειρά: | Collection U. Serie Epistemologie
|
| Θέματα: | |
| Ετικέτες: |
Προσθήκη ετικέτας
Δεν υπάρχουν, Καταχωρήστε ετικέτα πρώτοι!
|
MARC
| LEADER | 00000cam a2200000 i 4500 | ||
|---|---|---|---|
| 001 | 1/6314 | ||
| 008 | 100331s1972 fre d | ||
| 035 | |l 10107468 | ||
| 040 | |a GR-MY-UA |b gre |e aacr | ||
| 041 | 0 | |a fre | |
| 082 | 0 | |a 511.3 |2 (22) | |
| 100 | 1 | |a Largeault, Jean. | |
| 245 | 1 | 0 | |a Logique mathematique : |b texts / |c Jean Largeault |
| 260 | |a Paris : |b Armand Colin, |c c1972 | ||
| 300 | |a 280 σ.; |c 23 εκ. | ||
| 490 | 1 | |a Collection U. Serie Epistimologie | |
| 504 | |a Περιέχει βιβλιογραφία και ευρετήριο | ||
| 650 | 0 | 0 | |a Logic, Symbolic and mathematical. |
| 830 | 0 | |a Collection U. Serie Epistemologie | |
| 852 | |a INST |b SAMOS |c MAG |e 20100331 |h 511.3 LAR |p 005300032064 |q 005300032064 |t BK |y 0 | ||
| 901 | |a BIBL3-2010-1 | ||
| 909 | |a Σ |b 162143 | ||
| 970 | |a ΣΙΤΖΙΜΗ |b ΓΙΑΣΕΜΗ |z 2010/03/31 | ||